Central Library OPAC University of Rajshahi

Handbook of nonferrous metallurgy / (Record no. 16770)

MARC details
000 -LEADER
fixed length control field 00950cam a22002891 4500
001 - CONTROL NUMBER
control field 16770
003 - CONTROL NUMBER IDENTIFIER
rucl marc code BD-RjUL
005 - DATE AND TIME OF LATEST TRANSACTION
control field 20211209000040.0
008 - FIXED-LENGTH DATA ELEMENTS--GENERAL INFORMATION
fixed length control field 140215s1945 xx 001 0 eng
035 ## - SYSTEM CONTROL NUMBER
System control number (BD-RjUL)16825
System control number (OCoLC)479465
040 ## - CATALOGING SOURCE
Original cataloging agency DLC
Transcribing agency OKentU
Modifying agency DLC
-- BD-RjUL
Language of cataloging eng
041 ## - LANGUAGE CODE
Language code of text/sound track or separate title eng
082 ## - DEWEY DECIMAL CLASSIFICATION NUMBER
Classification number 669
Author mark and year LIH
100 1# - MAIN ENTRY--PERSONAL NAME
Personal name Liddell, Donald M.
Fuller form of name (Donald Macy),
Dates associated with a name 1879-
9 (RLIN) 51787
245 00 - TITLE STATEMENT
Title Handbook of nonferrous metallurgy /
Statement of responsibility, etc. ... prepared by a staff of specialists, Donald M. Liddell, editor-in-chief.
250 ## - EDITION STATEMENT
Edition statement 2d ed.
260 ## - PUBLICATION, DISTRIBUTION, ETC. (IMPRINT)
Place of publication, distribution, etc. New York ;
-- and London :
Name of publisher, distributor, etc. McGraw-Hill book company, inc.,
Date of publication, distribution, etc. 1945.
300 ## - PHYSICAL DESCRIPTION
Pagination 721 p. :
Illustrations illus. ;
Size 23 cm.
500 ## - GENERAL NOTE
General note First edition published 1926.
505 0# - FORMATTED CONTENTS NOTE
Formatted contents note [v. 1] Principles and processes.--[v. 2] Recovery of the metals.
650 #0 - SUBJECT ADDED ENTRY--TOPICAL TERM
Topical term or geographic name as entry element Metallurgy.
9 (RLIN) 51788
942 ## - ADDED ENTRY ELEMENTS (KOHA)
Source of classification or shelving scheme Dewey Decimal Classification
Koha item type Books
Holdings
Lost status Source of classification or shelving scheme Damaged status Not for loan Collection code Permanent Location Current Location Shelving location Date acquired Source of acquisition Cost, normal purchase price Total Checkouts Full call number Date last seen Copy number Koha item type
  Dewey Decimal Classification   Not For Loan Non-fiction Central Library, University of Rajshahi Central Library, University of Rajshahi Reading Room 17/10/1957 Publisher United LTD. 52.40   669 LIH 1945 15/02/2014 C-1 Books